01041 2200313 4500001002100000005001500021035002000036007000300056008004100059020002200100082001500122084001700137100002800154245019100182250003200373300003000405650001300435700003000448264004200478336002100520337003000541338002300571040002200594090002200616850001200638504003300650999002200683990002200705INLIS00000000088771520240619104530 a0010-0624000617ta240619s2024 yoi g ind d a978-623-164-797-904223a320.01 a320.01 MUT i0 aMutaya SarohePengarang10aIdeologi Soekarno :bpandangan Soekarno terhadap pancasila, kapitalisme, revolusi, gerakan perempuan, ketahanan pangan, dan kesejahteraan rakyat /cMutaya Saroh; penyunting, M. Royfan A. aCetakan pertama: April 2024 axiv, 223 halaman ;c20 cm 4aIdeologi1 aRoyfan A. , M.ePengarang31aBantul :bAnak Hebat Indonesia,c2024 2rdacontentateks 2rdamediaatanpa perantara 2rdacarrieravolume aYOPDYOGbinderda aCB-D.11 2024-1133 aYOPDYOG aBibliografi: halaman 221-222 aCB-D.11/2024-1133 aCB-D.11/2024-1133